Statistics for Guess the BL series by (bad) description.

Click here to take the quiz!

General Stats

  • This quiz has been taken 59 times
  • The average score is 5 of 12

Answer Stats

HintAnswer% Correct
Guy falls for homophobe.TharnType
67%
Band member and principals son.My School President.
65%
Guy writes French word on a bookEnchante
59%
Guy starts at new school to change it.Eclipse
47%
Workers son becomes employers bodyguardNever Let Me Go
47%
Twin becomes his brotherNot Me
43%
Traumatized boy is afraid of the dentist.My Tooth Your Love
41%
Idol moves in with chef.To My Star
35%
Doctor ends up in timeloop.Triage
33%
Spoiled kid nearly dies and meets an officer.A Tale Of Thousand Stars
25%
Robot wanna create a game.Semantic Error
16%
Writer deceives student.The Novelist
6%

Score Distribution

Percentile by Number Answered

Percent of People with Each Score

Your Score History

You have not taken this quiz